Statistics for First US States Alphabetically

Click here to take the quiz!

General Stats

  • This quiz has been taken 73 times
  • The average score is 16 of 19

Answer Stats

HintAnswer% Correct
AAlabama
97%
FFlorida
94%
GGeorgia
93%
DDelaware
91%
CCalifornia
88%
OOhio
88%
HHawaii
87%
UUtah
84%
IIdaho
82%
LLouisiana
82%
VVermont
82%
PPennsylvania
82%
TTennessee
81%
KKansas
81%
RRhode Island
79%
WWashington
78%
MMaine
75%
NNebraska
75%
SSouth Carolina
74%

Score Distribution

Percentile by Number Answered

Percent of People with Each Score

Your Score History

You have not taken this quiz